| 000 | 01458cam a2200349 i 4500 | ||
|---|---|---|---|
| 003 | SA-RiAUC | ||
| 005 | 20250311115741.0 | ||
| 008 | 250309s1989 mr g 000 0 ara c | ||
| 040 |
_aSA-RiAUC _bara _cSA-RiAUC _erda |
||
| 082 | 0 | 4 | _a811.964 |
| 090 |
_a811.964 _bك ن و |
||
| 100 | 1 |
_aكنون، عبد الله، _d1908-1989 _eمؤلف. |
|
| 245 | 1 | 0 |
_aأنجم السياسة وقصائد أخرى وهي نماذج من الشعر المغربي النادر موثقة ومحققة مع تعريف بأصحابها وتعليق خفيف على بعض أبياتها بما لابد منه لتوضيح معانيها / _cعبد الله كنون. |
| 246 | 3 | 0 | _aالشعر المغربي النادر |
| 264 | 1 |
_aالدار البيضاء : _bدار الثقافة، _c1989 |
|
| 300 |
_a119 صفحة ؛ _c21 سم |
||
| 336 |
_aنص _btxt _2rdacontent _3كتاب |
||
| 337 |
_aبدون وسيط _bn _2rdamedia |
||
| 338 |
_aمجلد _bnc _2rdacarrier |
||
| 650 | 7 |
_aالشعر العربي _zالمغرب _xتاريخ ونقد _2aucsh |
|
| 650 | 7 |
_aالأدب العربي _zالمغرب _xتاريخ ونقد _2aucsh |
|
| 653 | _aالشعر. | ||
| 653 | _aPOESIE. | ||
| 653 | _aالدراسات الأدبية. | ||
| 653 | _aETUDE LITTERAIRE. | ||
| 653 | _aالمغرب. | ||
| 653 | _aMAROC. | ||
| 653 | _aالنقد الأدبي. | ||
| 653 | _aCRITIQUE LITTERAIRE. | ||
| 942 |
_2ddc _cBOOK _n0 |
||
| 949 |
_aSA-JeALM _d250309 _umohamedma123 _n1 |
||
| 999 |
_c6350 _d6350 |
||